Principles of macroeconomics
"This textbook is a concise introduction to macroeconomics. Each chapter links the basics of economic theory with policy formulation on one hand and corporate behaviour on the other. Using examples and data from India it gives an insight into macroeconomic theory and its implications for the ec...
Bewaard in:
| Hoofdauteur: | |
|---|---|
| Formaat: | Boek |
| Taal: | Undetermined |
| Gepubliceerd in: |
New Jersey
Prentice Hall
1996
|
| Onderwerpen: | |
| Tags: |
Voeg label toe
Geen labels, Wees de eerste die dit record labelt!
|
| Thư viện lưu trữ: | Trung tâm Học liệu Trường Đại học Cần Thơ |
|---|
| LEADER | 00930nam a2200205Ia 4500 | ||
|---|---|---|---|
| 001 | CTU_186165 | ||
| 008 | 210402s9999 xx 000 0 und d | ||
| 020 | |c 21.5 | ||
| 082 | |a 339 | ||
| 082 | |b B571 | ||
| 100 | |a Beveridge, Thomas M. | ||
| 245 | 0 | |a Principles of macroeconomics | |
| 245 | 0 | |c Thomas M. Beveridge | |
| 260 | |a New Jersey | ||
| 260 | |b Prentice Hall | ||
| 260 | |c 1996 | ||
| 520 | |a "This textbook is a concise introduction to macroeconomics. Each chapter links the basics of economic theory with policy formulation on one hand and corporate behaviour on the other. Using examples and data from India it gives an insight into macroeconomic theory and its implications for the economy. This book is aided by simple diagrams, boxes, cases, and examples from real-life situations. | ||
| 650 | |a Macroeconomics,Kinh tế vĩ mô | ||
| 904 | |i Trúc | ||
| 980 | |a Trung tâm Học liệu Trường Đại học Cần Thơ | ||